000 00957nac a22002777a 4500
001 BR9101554
003 BR-BrBNA
005 20240105121148.0
008 230509b bl.|||m| |||| 00| 0 por d
040 _aBR-BrBNA
_bpor
_cBiblioteca Nacional de Agricultura
072 _aF30
090 _a0120 BR9101554
100 1 _aPimentel, F.A.
100 1 _aLodi, N.V.
110 1 _aUnidade de Execucao de Pesquisa de Ambito Estadual de Rio Branco, AC (Brasil)
_910376
245 1 _aAvaliacao de cultivares de milho precoce no municipio de Brasileia, Acre
260 3 _aRio Branco, AC (Brasil):
_c1990.
300 _a5 p.
490 _aPesquisa em Andamento - Unidade de Execucao de Pesquisa de Ambito Estadual de Rio Branco (Brazil)
_vno. 51
_xISSN 0101-6075
650 _aMILHO
650 _aCOMPORTAMENTO DE VARIEDADE
650 _aPRECOCIDADE VEGETAL
650 _aACRE
909 _a202312
_bLúcia Elande
_c55
_dLúcia Elande
942 _2AGRIS
_n0
_cMS
999 _c283666
_d283666